| 000 | 00922nam a2200289Ia 4500 | ||
|---|---|---|---|
| 003 | OSt | ||
| 005 | 20221007124642.0 | ||
| 006 | a|||||r|||| 00| 0 | ||
| 007 | ta | ||
| 008 | 221006b |||||||| |||| 00| 0 eng d | ||
| 020 | _a9788132205302 (pbk) | ||
| 024 | _a192372 | ||
| 037 |
_b3956, 12/03/2015, Educational Book Agency (India) _cTextual |
||
| 040 |
_aCDL _cCDL _beng |
||
| 041 |
_2eng _aeng |
||
| 082 | _aC21, N9;4-;8 Carc | ||
| 100 |
_aTimp Gregory Ed. _9438474 |
||
| 245 | 0 | _aNanotechnology | |
| 260 |
_aNew _bDeli Springer _c1999 |
||
| 300 |
_avii, 696p. ill. _ccm. |
||
| 500 | _aIndex 689-696p.; Reprint 2012. | ||
| 650 |
_a Atom optics _9719985 |
||
| 650 |
_a Nanometer-scale _9719986 |
||
| 650 |
_aConventional lithography _9719987 |
||
| 942 |
_hC21, N9;4-;8 Carc _cTEXL _2CC |
||
| 999 |
_c1213876 _d1213876 |
||